[Event "2nd Sharjah Masters 2018"]
[Site "Sharjah UAE"]
[Date "2018.04.16"]
[Round "6.7"]
[White "Safarli, Eltaj"]
[Black "Vignesh, N R"]
[Result "1-0"]
[WhiteTitle "GM"]
[BlackTitle "IM"]
[WhiteElo "2653"]
[BlackElo "2475"]
[WhiteFideId "13402129"]
[BlackFideId "25012215"]
[EventDate "2018.04.12"]

1. e4 c5 2. Nc3 d6 3. Nf3 Nf6 4. d4 cxd4 5. Nxd4 a6 6. h3 e6 7. g4 d5 8. Nde2
Bc5 9. exd5 Qb6 10. Be3 Bxe3 11. fxe3 Qxe3 12. Bg2 exd5 13. Qd4 Qg5 14. O-O O-O
15. Nxd5 Nxd5 16. Qxd5 Qe3+ 17. Kh1 Nc6 18. Nf4 Be6 19. Nxe6 fxe6 20. Qe4 Qh6
21. c3 Rxf1+ 22. Rxf1 Rf8 23. Re1 Nd8 24. Qd4 Qh4 25. Qe5 h6 26. Rd1 Qe7 27. Qd6
Qg5 28. Qc7 Kh8 29. b4 Kg8 30. a4 Kh7 31. a5 Kg8 32. c4 Kh7 33. b5 Qe3 34. Rxd8
Qe1+ 35. Kh2 Rxd8 36. Qxd8 Qe5+ 37. Kg1 Qe3+ 38. Kf1 Qf4+ 39. Ke2 Qe5+ 40. Kf3
Qc3+ 41. Ke2 Qe5+ 42. Kf3 Qc3+ 43. Kf2 Qc2+ 44. Kg3 Qc3+ 45. Bf3 Qe5+ 46. Kf2
Qh2+ 47. Ke3 Qg1+ 48. Kd2 Qf2+ 49. Be2 1-0

[Event "2nd Sharjah Masters 2018"]
[Site "Sharjah UAE"]
[Date "2018.04.16"]
[Round "6.8"]
[White "Grandelius, Nils"]
[Black "Dimakiling, Oliver"]
[Result "0-1"]
[WhiteTitle "GM"]
[BlackTitle "IM"]
[WhiteElo "2652"]
[BlackElo "2412"]
[WhiteFideId "1710400"]
[BlackFideId "5202248"]
[EventDate "2018.04.12"]

1. e4 e5 2. Nf3 Nf6 3. Nxe5 d6 4. Nf3 Nxe4 5. d4 Be7 6. Bd3 Nf6 7. O-O O-O 8. h3
c5 9. Nc3 cxd4 10. Nxd4 Nc6 11. Be3 Re8 12. Re1 Ne5 13. Bf1 h6 14. Bf4 Bf8 15.
Nf3 Qa5 16. Bb5 Nxf3+ 17. Qxf3 Rxe1+ 18. Rxe1 d5 19. Be5 Ne4 20. Bd3 f5 21. Rd1
Be6 22. Nb5 Qb6 23. Nd4 Re8 24. Bxe4 dxe4 25. Qh5 Bf7 26. Qxf5 Bg6 27. Qf4 Qxb2
28. a4 Qa2 29. Bd6 Qxa4 30. Bxf8 Rxf8 31. Qg3 Qe8 32. Ra1 a6 33. Rb1 b5 34. Ra1
Rf6 35. c3 Kh7 36. Nc2 Qd8 37. Qe3 Rd6 38. Qe1 a5 39. Ne3 Qc7 40. Qc1 Rd3 41.
Qb2 Be8 42. Ra3 Qb6 43. Ra1 Qc7 44. Ra3 a4 45. Qb4 Qf4 46. Ra2 Qe5 47. Rc2 Bf7
48. Rc1 h5 49. Nf1 e3 50. fxe3 Rxe3 51. Rb1 Rxc3 52. Qh4 a3 53. Re1 Qc5+ 54. Kh1
a2 55. Qf4 Bg6 56. Ng3 Qc7 0-1

[Event "2nd Sharjah Masters 2018"]
[Site "Sharjah UAE"]
[Date "2018.04.16"]
[Round "6.9"]
[White "Kryvoruchko, Yuriy"]
[Black "Soumya, Swaminathan"]
[Result "1-0"]
[WhiteTitle "GM"]
[BlackTitle "WGM"]
[WhiteElo "2703"]
[BlackElo "2354"]
[WhiteFideId "14109182"]
[BlackFideId "5016193"]
[EventDate "2018.04.12"]

1. e4 c5 2. Nf3 Nc6 3. d4 cxd4 4. Nxd4 Nf6 5. Nc3 d6 6. Bg5 e6 7. Qd2 a6 8.
O-O-O Bd7 9. f3 Be7 10. Kb1 O-O 11. h4 b5 12. Nxc6 Bxc6 13. Ne2 Rc8 14. Nd4 Bb7
15. g4 Nd7 16. Bxe7 Qxe7 17. Qe3 Ne5 18. g5 Nc4 19. Bxc4 Rxc4 20. h5 Rfc8 21.
Rh2 Bc6 22. Re2 Be8 23. f4 Qa7 24. Qd3 Qe7 25. h6 g6 26. Nf3 Qc7 27. Qxd6 Rxc2
28. Qxc7 R2xc7 29. Ne5 Kf8 30. b3 Bc6 31. Ng4 f5 32. gxf6 Kf7 33. Kb2 Be8 34. b4
Rc3 35. Rd8 Rxd8 36. Kxc3 Rd1 37. e5 Bc6 38. Nf2 Rf1 39. Kd4 Rc1 40. Kd3 Bd5 41.
Rc2 Bc4+ 42. Kc3 Rf1 43. Kd4 Ra1 44. Ne4 Rf1 45. Nd6+ Kf8 46. Nxc4 bxc4 47. Rxc4
Rxf4+ 1-0

[Event "2nd Sharjah Masters 2018"]
[Site "Sharjah UAE"]
[Date "2018.04.16"]
[Round "6.11"]
[White "Petrosyan, Manuel"]
[Black "Artemiev, Vladislav"]
[Result "0-1"]
[WhiteTitle "GM"]
[BlackTitle "GM"]
[WhiteElo "2560"]
[BlackElo "2701"]
[WhiteFideId "13300857"]
[BlackFideId "24101605"]
[EventDate "2018.04.12"]

1. d4 Nf6 2. c4 g6 3. Nc3 d5 4. cxd5 Nxd5 5. e4 Nxc3 6. bxc3 Bg7 7. Be3 c5 8.
Rc1 Qa5 9. Qd2 O-O 10. Nf3 Rd8 11. d5 e6 12. Bg5 f6 13. c4 Nc6 14. Qxa5 Nxa5 15.
Bd2 b6 16. Bd3 Nb7 17. O-O Nd6 18. Rfe1 Bd7 19. h3 Rac8 20. Rb1 Re8 21. Bc3 exd5
22. cxd5 Ba4 23. Ba6 Rcd8 24. e5 fxe5 25. Bxe5 Bxe5 26. Nxe5 Kf8 27. Nc6 Rd7 28.
Rbc1 Rxe1+ 29. Rxe1 Bxc6 30. dxc6 Rc7 31. a4 Nf5 32. a5 Rxc6 33. Bb5 Rc7 34.
axb6 axb6 35. Re6 c4 36. Rxb6 c3 37. Bd3 c2 38. Bxc2 Rxc2 39. g3 Kf7 40. Rb7+
Ne7 41. h4 Kf6 42. Kg2 h6 43. Rb6+ Rc6 44. Rb2 Nf5 45. Ra2 Nd6 46. Ra4 Nc4 47.
Ra8 Ne5 48. Ra2 Nd3 49. Ra3 Ne5 50. Ra2 Kf5 51. Rd2 Rc1 52. Rd8 Rc2 53. Rf8+ Ke6
54. Kg1 Kd5 55. Kg2 Ke6 56. Kg1 Ke7 57. Rf4 Rc4 58. h5 Rxf4 59. gxf4 Nd3 0-1

[Event "2nd Sharjah Masters 2018"]
[Site "Sharjah UAE"]
[Date "2018.04.16"]
[Round "6.12"]
[White "Yakubboev, Nodirbek"]
[Black "Amin, Bassem"]
[Result "1/2-1/2"]
[WhiteTitle "IM"]
[BlackTitle "GM"]
[WhiteElo "2482"]
[BlackElo "2700"]
[WhiteFideId "14203987"]
[BlackFideId "10601457"]
[EventDate "2018.04.12"]

1. d4 Nf6 2. c4 e6 3. g3 c5 4. Nf3 cxd4 5. Nxd4 Nc6 6. Bg2 Qb6 7. Nc2 d5 8. cxd5
exd5 9. O-O Be7 10. Nc3 O-O 11. Ne3 d4 12. Ned5 Qd8 13. Nxe7+ Qxe7 14. Bxc6 dxc3
15. Bf3 Bh3 16. Re1 Bg4 17. Bg5 cxb2 18. Rb1 Rfd8 19. Qb3 Bxf3 20. exf3 Qd6 21.
Rxb2 b6 22. Rd2 Qc5 23. Rxd8+ Rxd8 24. Bxf6 gxf6 25. Qa4 a5 26. Re8+ Rxe8 27.
Qxe8+ Kg7 28. a4 h6 29. Kg2 Qd5 30. h3 Qc5 1/2-1/2

[Event "2nd Sharjah Masters 2018"]
[Site "Sharjah UAE"]
[Date "2018.04.16"]
[Round "6.13"]
[White "Mareco, Sandro"]
[Black "Vishnu Prasanna, V"]
[Result "1/2-1/2"]
[WhiteTitle "GM"]
[BlackTitle "GM"]
[WhiteElo "2645"]
[BlackElo "2510"]
[WhiteFideId "112275"]
[BlackFideId "5030692"]
[EventDate "2018.04.12"]

1. d4 d5 2. c4 c6 3. Nf3 Nf6 4. Nbd2 Bf5 5. g3 h6 6. Bg2 e6 7. O-O Nbd7 8. b3
Bd6 9. Bb2 Qb8 10. Qc1 O-O 11. Ba3 b5 12. Bxd6 Qxd6 13. Qc3 bxc4 14. bxc4 Ne4
15. Nxe4 Bxe4 16. Rfc1 dxc4 17. Qxc4 Rfc8 18. Ne1 Bxg2 19. Kxg2 c5 20. Nf3 Rab8
21. Rab1 Rxb1 22. Rxb1 Nb6 23. Qa6 Qd7 24. dxc5 Rxc5 25. Rb2 Rc7 26. Rd2 Qc8 27.
Qb5 Rc5 28. Rd8+ Qxd8 29. Qxc5 Qd5 30. Qc2 a5 31. e4 Qd6 32. Qc3 a4 33. Ne5 f6
34. Nd3 Nd7 35. Kf1 Kh7 36. Ke2 Ne5 37. Nxe5 1/2-1/2

[Event "2nd Sharjah Masters 2018"]
[Site "Sharjah UAE"]
[Date "2018.04.16"]
[Round "6.14"]
[White "Gagare, Shardul"]
[Black "Jumabayev, Rinat"]
[Result "0-1"]
[WhiteTitle "GM"]
[BlackTitle "GM"]
[WhiteElo "2502"]
[BlackElo "2612"]
[WhiteFideId "5037883"]
[BlackFideId "13702661"]
[EventDate "2018.04.12"]

1. d4 g6 2. c4 Bg7 3. g3 c5 4. d5 b5 5. cxb5 a6 6. bxa6 Nf6 7. Nc3 O-O 8. Bg2 d6
9. Nf3 Nbd7 10. O-O Nb6 11. Nh4 Bxa6 12. Qc2 Nfd7 13. Rb1 Nc4 14. Bh3 Ra7 15. a3
Qa5 16. b4 Qc7 17. b5 Bb7 18. b6 Ndxb6 19. Nb5 Qb8 20. Nxa7 Qxa7 21. e4 Qa5 22.
Rd1 Ba6 23. Bf1 Bb5 24. Rxb5 Qxb5 25. Nf3 Ra8 26. Rd3 Qa4 27. Qb1 Nd7 28. Rb3 h6
29. Rb7 Na5 30. Rb5 Qd1 31. Kg2 c4 32. Be3 Qxb1 33. Rxb1 Nf6 34. Bd2 Nxe4 35.
Bxa5 Rxa5 36. Bxc4 Nc5 37. Rb8+ Kh7 38. h4 Rxa3 39. Re8 Bf6 40. Rb8 Kg7 41. Rb4
Rc3 42. Bb5 Rc2 43. g4 Bc3 44. Rf4 Bd2 45. Rc4 Rb2 46. Nxd2 Rxd2 47. Bc6 Nd3 48.
Kg3 Nxf2 49. Rf4 Nd3 50. Rd4 Nc5 51. Rf4 Nd3 52. Rd4 g5 53. hxg5 hxg5 54. Ra4
Ne5 55. Bb7 Rb2 56. Bc8 Rb3+ 57. Kg2 Ng6 58. Ra5 Nf4+ 59. Kf2 Kf6 60. Bd7 Rd3
61. Bc6 Ng6 62. Ra4 Ne5 63. Bb7 Rf3+ 64. Kg2 Rf4 65. Rxf4+ gxf4 66. Bc8 Kg5 67.
Kh3 Nc4 0-1

[Event "2nd Sharjah Masters 2018"]
[Site "Sharjah UAE"]
[Date "2018.04.16"]
[Round "6.16"]
[White "Kravtsiv, Martyn"]
[Black "Sadhwani, Raunak"]
[Result "1/2-1/2"]
[WhiteTitle "GM"]
[BlackTitle "FM"]
[WhiteElo "2680"]
[BlackElo "2358"]
[WhiteFideId "14113147"]
[BlackFideId "35093487"]
[EventDate "2018.04.12"]

1. d4 Nf6 2. Bf4 d5 3. Nf3 e6 4. e3 c5 5. Nbd2 Bd6 6. Bg3 O-O 7. c3 Qc7 8. Bd3
Nbd7 9. Bh4 c4 10. Bc2 b5 11. e4 dxe4 12. Nxe4 Nxe4 13. Bxe4 Bb7 14. Qc2 Bxe4
15. Qxe4 h6 16. O-O Nb6 17. Bg3 Nd5 18. Bxd6 Qxd6 19. Ne5 Rac8 20. f4 b4 21. Rf3
bxc3 22. bxc3 f6 23. Ng6 f5 24. Qe2 Rf7 25. Re1 Rb7 26. h3 Rb6 27. Ne5 Qc7 28.
Kh2 Nf6 29. Qf2 Ne4 30. Qh4 Qd8 31. Qh5 Qe8 32. Qxe8+ Rxe8 33. Nxc4 Rc6 34. Ne3
Rxc3 35. Nxf5 Rxf3 36. gxf3 exf5 37. fxe4 fxe4 38. Kg3 Kf7 39. Kf2 Kf6 40. Ke3
Rc8 41. Rb1 Rc3+ 42. Kxe4 Rxh3 43. Rc1 Ra3 44. Rc6+ Kf7 45. Ke5 Rxa2 46. Rc7+
Kf8 47. d5 Re2+ 48. Kd6 g5 49. fxg5 hxg5 50. Rxa7 g4 51. Ra3 Kf7 52. Kd7 Rd2 53.
d6 Kf6 54. Kc7 Ke6 55. Re3+ 1/2-1/2

[Event "2nd Sharjah Masters 2018"]
[Site "Sharjah UAE"]
[Date "2018.04.16"]
[Round "6.17"]
[White "Rakhmanov, Aleksandr"]
[Black "Pranav, V"]
[Result "1-0"]
[WhiteTitle "GM"]
[WhiteElo "2652"]
[BlackElo "2366"]
[WhiteFideId "4173708"]
[BlackFideId "25060783"]
[EventDate "2018.04.12"]

1. Nf3 Nf6 2. c4 b6 3. g3 Bb7 4. Bg2 c5 5. O-O g6 6. b3 Bg7 7. Bb2 O-O 8. Nc3 d6
9. d4 cxd4 10. Qxd4 Ne4 11. Qe3 Nxc3 12. Bxc3 Bxc3 13. Qxc3 Nd7 14. Rfd1 Qc7 15.
Qe3 Nf6 16. Rd4 Kg7 17. Rad1 Rfe8 18. Nh4 Bxg2 19. Nxg2 Qc5 20. Qd3 b5 21. Ne3
bxc4 22. Rxc4 Qa5 23. Qc2 Qe5 24. h3 Qe6 25. Kg2 Rac8 26. Rc1 Rxc4 27. Qxc4 Qe5
28. Ng4 Nxg4 29. hxg4 d5 30. Qd3 Rd8 31. Rc5 f6 32. b4 Kf7 33. a4 a6 34. b5 axb5
35. axb5 Qe6 36. f3 Rd6 37. Qc2 Qe3 38. Rc6 Rd7 39. Rc3 Qd4 40. Rc8 Qe3 41. Rc3
Qd4 42. Rb3 Rb7 43. Qb1 Rb6 44. Qh1 Kg7 45. Qc1 Qc4 46. Qe3 Rb7 47. b6 Kf7 48.
Rb1 Qc2 49. Rc1 Qb2 50. Rc6 Qe5 51. Qd2 Kg7 52. Kf2 d4 53. Qd3 Qd5 54. Qe4 Qxe4
55. fxe4 Kf7 56. g5 Ke8 57. gxf6 exf6 58. Rxf6 Re7 59. Rd6 Kf7 60. Kf3 Re5 61.
Rd5 Re7 62. e5 Ke6 63. Ke4 Rb7 64. Rd6+ Ke7 65. Kxd4 Rb8 66. Kd5 Rc8 67. b7 Rb8
68. Kc6 Rg8 69. Kc7 Kf7 70. b8=Q Rxb8 71. Kxb8 Ke7 72. Kc7 Ke8 73. Re6+ Kf7 74.
Kd7 Kg7 75. Rf6 Kh6 76. e6 Kg7 77. Rf1 Kh8 78. e7 Kg8 79. e4 Kg7 80. e5 Kg8 81.
e6 Kg7 82. e8=N+ Kh8 83. Rf7 Kg8 84. Nf6+ Kh8 85. Nxh7 Kg8 86. Nf8 Kh8 87. Nxg6+
Kg8 88. Ne5 Kh8 89. g4 Kg8 90. g5 Kh8 91. g6 Kg8 92. g7 Kh7 93. e7 Kh6 94. e8=Q
Kh7 95. g8=N+ Kh8 96. Ng6# 1-0

[Event "2nd Sharjah Masters 2018"]
[Site "Sharjah UAE"]
[Date "2018.04.16"]
[Round "6.18"]
[White "Adly, Ahmed"]
[Black "Dhulipalla, Bala Chandra Prasad"]
[Result "1-0"]
[WhiteTitle "GM"]
[BlackTitle "IM"]
[WhiteElo "2626"]
[BlackElo "2294"]
[WhiteFideId "10601619"]
[BlackFideId "25005812"]
[EventDate "2018.04.12"]

1. Nf3 d5 2. g3 Bg4 3. Bg2 Nd7 4. c4 e6 5. cxd5 exd5 6. O-O Ngf6 7. h3 Bh5 8.
Nc3 c6 9. d3 Bc5 10. e4 dxe4 11. dxe4 Bxf3 12. Qxf3 Ne5 13. Qf5 Qe7 14. Rd1 a6
15. Bf4 Nfd7 16. Qh5 O-O 17. Rd2 g6 18. Qe2 g5 19. Be3 Bxe3 20. Qxe3 Nc4 21.
Rxd7 Qxd7 22. Qxg5+ Kh8 23. Qf6+ Kg8 24. b3 Na3 25. Qg5+ Kh8 26. Rd1 Qe6 27. Na4
f6 28. Qc1 Qe7 29. Nc5 Rad8 30. Rxd8 Rxd8 31. Nxb7 Qxb7 32. Qxa3 Kg7 33. Qc5 Qc7
34. Bf1 Rd2 35. a4 a5 36. Bc4 Rd7 37. Kg2 Re7 38. Kf3 Rd7 39. Qf5 Rd8 40. Qg4+
Kh8 41. Qe6 Kg7 42. Qg4+ Kh8 43. Qf5 Kg7 44. Qc5 Rd7 45. h4 Re7 46. Bf1 Re5 47.
Qd4 Re7 48. Bh3 Qe5 49. Qc4 Qd6 50. Bf5 Re5 51. Kg2 Rc5 52. Qe2 Qe7 53. Qd3 Re5
54. h5 Qf7 55. Qf3 Re8 56. Qg4+ Kh8 57. h6 Rg8 58. Qf4 Rf8 59. Qd6 Re8 60. Qxc6
Qf8 61. Qc1 Re7 62. Qd2 Ra7 63. Qd4 Re7 64. Qc5 Rf7 65. Qd5 Ra7 66. e5 Qxh6 67.
Qd8+ Kg7 68. e6 Qc1 69. e7 Qc6+ 70. Kh2 Ra8 71. Bd7 1-0

[Event "2nd Sharjah Masters 2018"]
[Site "Sharjah UAE"]
[Date "2018.04.16"]
[Round "6.19"]
[White "Puranik, Abhimanyu"]
[Black "Raahul, V S"]
[Result "1/2-1/2"]
[WhiteTitle "GM"]
[WhiteElo "2520"]
[BlackElo "2258"]
[WhiteFideId "5061245"]
[BlackFideId "25035525"]
[EventDate "2018.04.12"]

1. e4 e5 2. Nf3 Nc6 3. Bb5 g6 4. d4 exd4 5. Bg5 Be7 6. Bxe7 Qxe7 7. Bxc6 dxc6 8.
Qxd4 Nf6 9. Nc3 c5 10. Qe3 Bd7 11. O-O-O Bc6 12. Rhe1 O-O 13. e5 Nd7 14. Nd5
Bxd5 15. Rxd5 c6 16. Rd6 Rfe8 17. Qf4 Nb6 18. c4 Rad8 19. Red1 Rxd6 20. Rxd6 Nd7
21. e6 fxe6 22. Qd2 Nb6 23. Ne5 Qh4 24. f4 Rf8 25. g3 Qh3 26. Qe2 Kh8 27. Nf3
Qh5 28. Rxe6 Nxc4 29. Re8 Kg7 30. Qe7+ Rf7 31. Qd8 Qd5 32. Rg8+ Kh6 33. Qh4+ Qh5
34. Qd8 Qd5 35. Qh4+ Qh5 36. Qd8 1/2-1/2

[Event "2nd Sharjah Masters 2018"]
[Site "Sharjah UAE"]
[Date "2018.04.16"]
[Round "6.20"]
[White "Mohannad, Farhan"]
[Black "Haddouche, Mohamed"]
[Result "0-1"]
[WhiteTitle "FM"]
[BlackTitle "GM"]
[WhiteElo "2219"]
[BlackElo "2506"]
[WhiteFideId "8100918"]
[BlackFideId "7900660"]
[EventDate "2018.04.12"]

1. d4 Nf6 2. c4 d6 3. Nf3 Nbd7 4. Nc3 e5 5. e4 Be7 6. Be2 O-O 7. d5 c5 8. O-O
Ne8 9. Be3 g6 10. Qd2 Ng7 11. Bh6 Nf6 12. Ne1 a6 13. a3 Nd7 14. Nd3 f5 15. f4
Rf7 16. fxe5 Nxe5 17. Nxe5 dxe5 18. Rad1 Bd6 19. Bg5 Qc7 20. exf5 gxf5 21. g4 e4
22. Bf4 Bd7 23. Bxd6 Qxd6 24. Qf4 Qg6 25. Kh1 Re8 26. g5 Rff8 27. b4 Qb6 28. d6
Be6 29. d7 Rd8 30. Rd6 Qc7 31. Nxe4 Bxd7 32. Nf6+ Rxf6 33. Rxf6 Bc6+ 34. Kg1 Qe7
35. Bf3 Rd4 36. Qg3 Qe3+ 37. Kh1 Rd1 38. Kg2 Bxf3+ 39. Qxf3 Qxg5+ 40. Kh3 Rd4
41. Qg3 Qxf6 42. Qb8+ Rd8 43. Qxb7 Qg5 0-1

[Event "2nd Sharjah Masters 2018"]
[Site "Sharjah UAE"]
[Date "2018.04.16"]
[Round "6.22"]
[White "Darini, Pouria"]
[Black "Ashwath, R."]
[Result "1/2-1/2"]
[WhiteTitle "GM"]
[WhiteElo "2478"]
[BlackElo "2250"]
[WhiteFideId "12502200"]
[BlackFideId "5021049"]
[EventDate "2018.04.12"]

1. e4 c5 2. Nf3 Nc6 3. Bb5 g6 4. Bxc6 bxc6 5. O-O Bg7 6. Re1 Nh6 7. c3 O-O 8. d4
cxd4 9. cxd4 d5 10. e5 f6 11. exf6 exf6 12. Nc3 Bg4 13. Bxh6 Bxh6 14. h3 Bd7 15.
Na4 Rb8 16. Re2 Bf5 17. Nc5 Re8 18. Nh4 Be4 19. f3 Bg5 20. fxe4 Bxh4 21. e5 fxe5
22. dxe5 Qb6 23. Rc1 Be7 24. Qd4 Bxc5 25. Rxc5 Re6 26. a3 a5 27. Kh1 Rbe8 28. b4
axb4 29. axb4 Qb8 30. Kg1 Rxe5 31. Rxe5 Qxe5 32. Qxe5 Rxe5 33. Rxc6 Re2 34. Rc7
Rb2 35. Rb7 d4 36. Kf1 d3 37. Rd7 Rxb4 1/2-1/2

[Event "2nd Sharjah Masters 2018"]
[Site "Sharjah UAE"]
[Date "2018.04.16"]
[Round "6.23"]
[White "Bharath, Subramaniyam H"]
[Black "Iniyan, P"]
[Result "1/2-1/2"]
[WhiteTitle "CM"]
[BlackTitle "IM"]
[WhiteElo "1997"]
[BlackElo "2466"]
[WhiteFideId "46634827"]
[BlackFideId "25002767"]
[EventDate "2018.04.12"]

1. e4 c5 2. Nc3 a6 3. f4 b5 4. Nf3 Bb7 5. d4 cxd4 6. Qxd4 e6 7. Bd3 Qc7 8. Be3
Nc6 9. Qb6 Qxb6 10. Bxb6 Nb4 11. O-O Nf6 12. a4 bxa4 13. Rxa4 d5 14. exd5 Nxd3
15. cxd3 Nxd5 16. Nxd5 Bxd5 17. Rfa1 Bb7 18. f5 Rb8 19. Ba7 Ra8 20. Bd4 Rd8 21.
fxe6 fxe6 22. Re1 Bxf3 23. gxf3 Rxd4 24. Rxd4 Bc5 25. Re4 Ke7 26. Kg2 Bxd4 27.
Rxd4 Rb8 28. b4 Rb6 29. Kf2 Rb5 30. Rh4 h6 31. Ke3 Kf6 32. Rf4+ Rf5 33. Rh4 Ke7
34. Rg4 Kf7 35. Rg2 Rb5 36. Rg4 a5 37. bxa5 Rxa5 38. Rf4+ Kg6 39. Rg4+ Kf6 40.
Rf4+ Rf5 41. Rh4 h5 42. Re4 Ra5 43. Rf4+ Kg6 44. Re4 Kf6 45. Rf4+ Ke7 46. Rh4 g6
47. Kf2 Ra2+ 48. Kg3 Rd2 49. Rd4 Ra2 50. Rb4 Ra3 51. Rd4 Kf6 52. Rd8 Ra5 53.
Rf8+ Ke7 54. Rg8 Rg5+ 55. Kf2 Kf7 56. Rd8 Ra5 57. Kg3 Ra4 58. Rd7+ Kf6 59. Rd8
h4+ 60. Kh3 Kg5 61. Re8 Rf4 62. Kg2 Kf5 63. Rh8 Rd4 64. Kf2 g5 65. Rf8+ Kg6 66.
Ke3 Ra4 67. h3 Kg7 68. Rb8 Ra2 69. f4 Rh2 70. fxg5 Rxh3+ 71. Kf4 Rxd3 72. Kg4 h3
73. Rb2 Kg6 74. Re2 Rd6 75. Kxh3 Kxg5 76. Kg3 Kf5 77. Ra2 Ke4 78. Kf2 e5 79. Ke2
Rb6 80. Ra4+ Kf5 81. Ke3 Rb3+ 82. Ke2 Ke6 83. Ra6+ Kf5 84. Ra4 Rc3 85. Kd2 Rf3
86. Ke2 Rf4 87. Rxf4+ Kxf4 88. Kf2 Ke4 89. Ke2 Kd4 90. Kd2 e4 91. Ke2 e3 92. Ke1
Ke5 93. Ke2 Ke4 94. Ke1 Kd3 95. Kd1 e2+ 96. Ke1 Ke4 1/2-1/2

[Event "2nd Sharjah Masters 2018"]
[Site "Sharjah UAE"]
[Date "2018.04.16"]
[Round "6.24"]
[White "Chakravarthi Reddy, M"]
[Black "Mullick, Raahil"]
[Result "0-1"]
[WhiteTitle "IM"]
[BlackTitle "CM"]
[WhiteElo "2442"]
[BlackElo "2053"]
[WhiteFideId "25009532"]
[BlackFideId "35080350"]
[EventDate "2018.04.12"]

1. c4 e5 2. Nc3 Nf6 3. Nf3 Nc6 4. a3 d5 5. cxd5 Nxd5 6. Qc2 Nxc3 7. bxc3 Bd6 8.
e4 Bg4 9. Be2 Qe7 10. Rb1 Rb8 11. d4 O-O 12. d5 Na5 13. O-O b6 14. a4 Bxf3 15.
Bxf3 Nb7 16. g3 a5 17. Bg2 Bc5 18. Kh1 Nd6 19. f4 f6 20. Bh3 Kh8 21. Be6 exf4
22. gxf4 f5 23. e5 Ne4 24. Bxf5 Nf2+ 25. Kg2 Qh4 26. Ba3 Ng4 27. Bxc5 Qxh2+ 28.
Kf3 Qh3+ 29. Ke4 Rxf5 30. Rh1 Qg3 31. Qd2 Nf6+ 32. exf6 Re8+ 33. Be7 Rxf6 34.
Rbf1 Rxe7+ 35. Kd4 Ref7 36. Ke4 g5 37. Kd4 0-1

[Event "2nd Sharjah Masters 2018"]
[Site "Sharjah UAE"]
[Date "2018.04.16"]
[Round "6.25"]
[White "Nyazi, Nehad"]
[Black "Sundararajan, Kidambi"]
[Result "1/2-1/2"]
[BlackTitle "GM"]
[WhiteElo "2213"]
[BlackElo "2436"]
[WhiteFideId "10601988"]
[BlackFideId "5005370"]
[EventDate "2018.04.12"]

1. d4 Nf6 2. c4 e6 3. Nf3 Bb4+ 4. Bd2 Qe7 5. g3 Nc6 6. Nc3 O-O 7. Bg2 Na5 8. b3
b6 9. O-O Bb7 10. Re1 c5 11. d5 exd5 12. Nxd5 Bxd5 13. cxd5 Ne4 14. Bxb4 cxb4
15. Nh4 Rae8 16. Qd4 g6 17. Rad1 Nc3 18. Rd2 Qc5 19. Qf4 f5 20. d6 Ne4 21. Bxe4
fxe4 22. Qe3 Qxe3 23. fxe3 Nb7 24. Ng2 Re6 25. Nf4 Rxd6 26. Rxd6 Nxd6 27. Rd1
Nf5 28. Rxd7 Nxe3 29. h4 Rf7 30. Rd8+ Kg7 31. Re8 Nf5 32. Ne6+ Kf6 33. Ng5 Re7
34. Nxe4+ Ke5 35. Rxe7+ Nxe7 36. Ng5 Nd5 37. Nxh7 Nc3 38. Nf8 Kf6 39. Nd7+ Ke6
40. Nf8+ Kf7 41. Nd7 Nxe2+ 42. Kf2 Nc3 43. Ke3 Nxa2 44. Kd4 Nc3 45. Kc4 1/2-1/2

[Event "2nd Sharjah Masters 2018"]
[Site "Sharjah UAE"]
[Date "2018.04.16"]
[Round "6.26"]
[White "Arjun, Kalyan"]
[Black "Aradhya, Garg"]
[Result "0-1"]
[WhiteElo "2397"]
[BlackElo "2218"]
[WhiteFideId "35018701"]
[BlackFideId "25006746"]
[EventDate "2018.04.12"]

1. e4 e6 2. d4 d5 3. Nc3 Nf6 4. Bg5 Be7 5. e5 Nfd7 6. Bxe7 Qxe7 7. f4 a6 8. Nf3
c5 9. dxc5 Nc6 10. Bd3 Qxc5 11. Qd2 b5 12. a3 Rb8 13. b4 Qb6 14. Qf2 O-O 15. O-O
f6 16. exf6 Rxf6 17. Ne2 e5 18. Qxb6 Rxb6 19. fxe5 Ndxe5 20. Nxe5 Nxe5 21. Nd4
Bd7 22. Nb3 Nc4 23. Nc5 Be8 24. Rfe1 Rb8 25. Re7 Ra8 26. Rae1 Bg6 27. Rc7 Rf7
28. Ree7 Rxe7 29. Rxe7 Nxa3 30. Ne6 Nxc2 31. Rxg7+ Kh8 32. Rxg6 hxg6 33. Bxc2 a5
34. bxa5 Rxa5 35. Nd4 Kg7 36. Kf2 Kf6 37. h4 b4 38. g4 Ra3 39. g5+ Ke5 40. Nc6+
Kf4 41. Bxg6 Ra2+ 42. Ke1 Kg4 43. Bd3 Kxh4 44. g6 Rg2 45. Ne7 Kh5 46. Kf1 Rg5
47. Kf2 b3 48. Ke2 Re5+ 49. Kd2 Rxe7 50. Bb1 Rc7 51. Bd3 Kh6 52. Bf5 Kg7 53. Bd3
b2 54. Bc2 d4 55. Kd1 d3 0-1

[Event "2nd Sharjah Masters 2018"]
[Site "Sharjah UAE"]
[Date "2018.04.16"]
[Round "6.27"]
[White "Kowsarinia, Amir"]
[Black "Aditya, Mittal"]
[Result "1-0"]
[WhiteTitle "FM"]
[BlackTitle "CM"]
[WhiteElo "2316"]
[BlackElo "2212"]
[WhiteFideId "12500089"]
[BlackFideId "35042025"]
[EventDate "2018.04.12"]

1. Nf3 d5 2. b3 Nf6 3. Bb2 c5 4. e3 e6 5. d4 Nc6 6. Bd3 Bd6 7. O-O O-O 8. Nbd2
h6 9. a3 Nd7 10. c4 cxd4 11. exd4 b6 12. Qe2 Bb7 13. b4 dxc4 14. Nxc4 Bc7 15.
Rac1 Ne7 16. Nce5 Nf6 17. b5 Ned5 18. Bb1 Qe7 19. Nc6 Bxc6 20. Rxc6 Bd6 21. Qd3
Rfc8 22. Rfc1 Rxc6 23. Rxc6 g6 24. g3 Rd8 25. Qb3 Qb7 26. Ne5 Ne7 27. Bxg6 Bxe5
28. Bxf7+ Kg7 29. dxe5 Nxc6 30. bxc6 Qxc6 31. Bxe6 Ne4 32. Bg4 Nxf2 33. e6+ Kg6
34. e7 Qh1+ 35. Kxf2 Qxh2+ 36. Kf3 Qh1+ 37. Kf4 Qf1+ 38. Bf3 Rd4+ 39. Bxd4 Qc1+
40. Qe3 Qc7+ 41. Qe5 Qc1+ 42. Be3 Qc4+ 43. Be4+ 1-0

[Event "2nd Sharjah Masters 2018"]
[Site "Sharjah UAE"]
[Date "2018.04.16"]
[Round "6.28"]
[White "Grivas, Efstratios"]
[Black "Bhambure, Shantanu"]
[Result "0-1"]
[WhiteTitle "GM"]
[WhiteElo "2468"]
[BlackElo "2155"]
[WhiteFideId "4200039"]
[BlackFideId "5025931"]
[EventDate "2018.04.12"]

1. d4 Nf6 2. c4 e6 3. Nf3 d5 4. Nbd2 Nbd7 5. g3 b6 6. Bg2 Bb7 7. O-O Be7 8. b3
O-O 9. Bb2 c5 10. Rc1 Rc8 11. e3 dxc4 12. Nxc4 Bd5 13. Qe2 Qc7 14. dxc5 Nxc5 15.
Nfe5 Qb7 16. Bxd5 Nxd5 17. Rfd1 Rfd8 18. Bd4 f6 19. Bxc5 Bxc5 20. Nd3 Bf8 21. e4
Nc7 22. e5 f5 23. Nf4 Rxd1+ 24. Rxd1 Qc6 25. a4 Be7 26. h4 Rd8 27. Rxd8+ Bxd8
28. Qd3 Be7 29. Qd4 Ne8 30. a5 Bc5 31. Qd3 Kf7 32. axb6 axb6 33. Nd2 Nc7 34. Nf3
h6 35. h5 Nd5 36. Kg2 Nxf4+ 37. gxf4 Ke7 38. Kg3 Qe8 39. b4 Bxb4 40. Nd4 Bc5 41.
Nb3 Qd7 42. Qa6 Qc7 43. Nd2 Qd8 44. Nf3 Qe8 45. Qb7+ Kf8 46. Nh4 Qxh5 47. f3 Qe8
48. Kh3 Kg8 0-1